header

She was one of us (Record no. 131614)

MARC details
000 -LEADER
fixed length control field 01739nam a2200373 a 4500
082 04 - DEWEY DECIMAL CLASSIFICATION NUMBER
Classification number 973.917092
100 1# - MAIN ENTRY--AUTHOR NAME
Personal name O'Farrell, Brigid.
245 10 - TITLE STATEMENT
Title She was one of us
260 ## - PUBLICATION, DISTRIBUTION, ETC. (IMPRINT)
Place of publication Ithaca, N.Y. :
Name of publisher ILR Press,
Year of publication 2010.
300 ## - PHYSICAL DESCRIPTION
Number of Pages x, 274 p., [20] p. of plates :
Other physical details ill.
505 0# - FORMATTED CONTENTS NOTE
Formatted contents note Why women should join unions -- Here comes Mrs. Roosevelt -- Practicing what you preach -- In her own way -- An essential element of freedom -- Pointing the way -- We have something to offer -- A revolutionary period.
650 #0 - SUBJECT ADDED ENTRY--TOPICAL TERM
Topical Term Working class
Topical Term Labor movement
Topical Term Women in the labor movement
856 40 - ELECTRONIC LOCATION AND ACCESS
Uniform Resource Identifier http://site.ebrary.com/lib/rucke/Doc?id=10468069

No items available.

© 2026 Rongo University
Contact us: librarian | system librarian | Rongo university